header

Professional SQL Server 2008 integration services (Record no. 13730)

MARC details
000 -LEADER
fixed length control field 01331nam a2200349Ia 4500
245 00 - TITLE STATEMENT
Title Professional SQL Server 2008 integration services
260 ## - PUBLICATION, DISTRIBUTION, ETC. (IMPRINT)
Place of publication Indianapolis, IN :
Name of publisher Wiley Pub.,
Year of publication c2008.
300 ## - PHYSICAL DESCRIPTION
Number of Pages xxxiii, 972 p. :
Other physical details ill.
490 1# - SERIES STATEMENT
Series statement Wrox professional guides
500 ## - GENERAL NOTE
General note Includes index.
General note "Wrox programmer to programmer."
650 #0 - SUBJECT ADDED ENTRY--TOPICAL TERM
Topical Term Database management.
700 1# - ADDED ENTRY--PERSONAL NAME
Personal name Knight, Brian,
856 40 - ELECTRONIC LOCATION AND ACCESS
Uniform Resource Identifier http://site.ebrary.com/lib/rucke/Doc?id=10257608

No items available.

© 2026 Rongo University
Contact us: librarian | system librarian | Rongo university